| 000 | 01249cam a2200253 4500 | ||
|---|---|---|---|
| 001 | WB@3612-461 | ||
| 008 | 041004n2004 000 0 eng u | ||
| 035 | _a(Sirsi) u127613 | ||
| 245 | _aSeptember price growth still subdued | ||
| 260 | _c2004 | ||
| 490 |
_aNationwide Press Release _v30 September 2004 (16) |
||
| 520 | _aThe "Nationwide autumn review" shows house prices rising in September by just 0.2% on a seasonally adjusted basis, following an increase of 0.1% in August. This brings the average house price to £153 727. Annual house price inflation has reached 17.8%. New regional affordability indices reveal that the most stretched housing markets are northern and northwestern England. Trading up is at its hardest for more than 10 years. Nationwide's annual house price inflation forecast in December 2004 remains at 15%. http://www.nationwide.co.uk/hpi/historical/CMQPRQ3 04.pdf. | ||
| 590 | _aWB | ||
| 590 | _aWB | ||
| 650 | _aREGIONAL AFFORDABILITY | ||
| 650 | _aTRADING UP | ||
| 650 | _aNATIONWIDE BUILDING SOCIETY | ||
| 650 | _aHOUSE PRICE SURVEYS | ||
| 650 | _aHOUSING MARKET FORECASTS | ||
| 650 | _aHOUSING MARKET SURVEYS | ||
| 650 | _aHOUSE PRICE INFLATION | ||
| 690 | _aHOUSING-HOUSE PRICES | ||
| 942 | _n0 | ||
| 999 |
_c118113 _d118113 |
||